| 000 | 00520nam a22001697a 4500 | ||
|---|---|---|---|
| 003 | NUST | ||
| 005 | 20220815195421.0 | ||
| 008 | 220815b ||||| |||| 00| 0 eng d | ||
| 020 | _a9781647432249 | ||
| 038 | _aAzhar | ||
| 082 |
_a158.1 _bKIN |
||
| 100 |
_aKing, Patrick _997353 |
||
| 245 |
_aThink like a psychologist: how to analyze emotions, read body language and behavior, understand motivations, and decipher intentions _cPatrick King |
||
| 260 |
_aUSA _bPatrick king _c2019 |
||
| 300 | _a259p | ||
| 942 |
_2ddc _cLC |
||
| 999 |
_c591026 _d591026 |
||